Reglamento de régimen interior de la Ciudad Social de Ancianos 'Francisco Franco' de Madrid...
Descripción Física:
45 p. ; 19 cm
Otros Autores:
Madrid. Diputación Provincial
MARC
| LEADER | 00000nam a2200000Ia 4500 | ||
|---|---|---|---|
| 001 | 10365 | ||
| 008 | 160829s9999 xx 000 0 cat d | ||
| 080 | |a FU-2-55 | ||
| 100 | |a Ciudad Social de Ancianos Francisco Franco (Madrid) |9 22781 | ||
| 245 | |a Reglamento de régimen interior de la Ciudad Social de Ancianos 'Francisco Franco' de Madrid... | ||
| 260 | |a Madrid : |b Diputación Provincial de Madrid, [1973?] | ||
| 300 | |a 45 p. ; |c 19 cm | ||
| 590 | |a Va acompanyat de 17 postals. | ||
| 650 | 0 | |a Residències de persones grans |9 43170 | |
| 650 | |a Ciudad Social de Ancianos Francisco Franco (Madrid) |x Reglaments i procediment |9 22783 | ||
| 700 | |a Madrid. Diputación Provincial |9 22784 | ||
| 901 | |a Arxiu | ||
| 942 | |n 1 | ||
| 952 | |0 0 |1 0 |4 0 |6 FU255 |7 1 |9 42328 |a Arxiu |b Arxiu |d 2016-12-01 |l 0 |o FU-2-55 |p 10365 |r 2016-12-01 00:00:00 |w 2016-12-01 |y ARXIU | ||
| 999 | |c 44806 |d 44806 | ||